| 000 | 00565cam a22002291 4500 | ||
|---|---|---|---|
| 001 | ne 65001289 | ||
| 003 | DLC | ||
| 005 | 20260227111814.0 | ||
| 008 | 890109s1946 xx 000 0 ara | ||
| 010 | _ane 65001289 | ||
| 035 | _a(OCoLC)23523751 | ||
| 040 |
_aDLC _cMiU _dDLC |
||
| 042 | _apremarc | ||
| 043 | _aa-iq--- | ||
| 050 | 0 | 0 |
_aHG1311.I7 _bJ3 |
| 100 | 1 | _aJalīlī, ʻAbd al-Raḥmān. | |
| 245 | 1 | 3 | _aal-Niẓām al-naqdī fī al-ʻIrāq. |
| 260 | _c1946. | ||
| 300 |
_a378 p. _c22 cm. |
||
| 500 | _aRomanized. | ||
| 650 | 0 |
_aMoney _zIraq _xHistory. |
|
| 999 |
_c48219 _d48219 |
||